Đường lối bảo vệ Tổ quốc của Đảng thời kỳ đổi mới và việc giáo dục ý thức bảo vệ Tổ quốc cho thế hệ trẻ hiện nay
Đường lối bảo vệ Tổ quốc của Đảng thời kì đổi mới (1986-2011). Vận dụng đường lối bảo vệ Tổ quốc của Đảng thời kì đổi mới trong việc giáo dục ý thức bảo vệ Tổ quốc cho thế hệ trẻ hiện nay
Đã lưu trong:
| Tác giả chính: | |
|---|---|
| Tác giả khác: | |
| Định dạng: | Sách |
| Ngôn ngữ: | Vietnamese |
| Được phát hành: |
Đại học Đà Nẵng
Trường Đại học Sư Phạm
2011
|
| Loạt: | Khóa luận tốt nghiệp Đại học. Chuyên ngành: Sư phạm giáo dục chính trị
|
| Những chủ đề: | |
| Các nhãn: |
Thêm thẻ
Không có thẻ, Là người đầu tiên thẻ bản ghi này!
|
| Thư viện lưu trữ: | Mạng thư viện Đại học Đà Nẵng |
|---|
| LEADER | 01735nam a2200361 4500 | ||
|---|---|---|---|
| 001 | 000011606 | ||
| 003 | 7859 | ||
| 005 | 20120207150244.0 | ||
| 008 | 120207s2011 viesd | ||
| 041 | |a vie | ||
| 072 | |a Khóa luận tốt nghiệp | ||
| 082 | |a 324.259707 |b NG-D | ||
| 100 | |a Nguyễn, Thị Dung | ||
| 245 | |a Đường lối bảo vệ Tổ quốc của Đảng thời kỳ đổi mới và việc giáo dục ý thức bảo vệ Tổ quốc cho thế hệ trẻ hiện nay |c Nguyễn, Thị Dung | ||
| 260 | |a Đại học Đà Nẵng |b Trường Đại học Sư Phạm |c 2011 | ||
| 300 | |a 67 tr. |b Tóm tăt, CD, Phụ lục |c 29 cm | ||
| 490 | |a Khóa luận tốt nghiệp Đại học. Chuyên ngành: Sư phạm giáo dục chính trị | ||
| 500 | |a Tham khảo phụ lục trang 66 | ||
| 520 | |a Đường lối bảo vệ Tổ quốc của Đảng thời kì đổi mới (1986-2011). Vận dụng đường lối bảo vệ Tổ quốc của Đảng thời kì đổi mới trong việc giáo dục ý thức bảo vệ Tổ quốc cho thế hệ trẻ hiện nay | ||
| 653 | |a bảo vệ Tổ quốc | ||
| 653 | |a Đảng | ||
| 653 | |a Khoa Giáo dục Chính trị | ||
| 700 | |a Ngô Văn Hà |c TS |e Hướng dẫn | ||
| OWN | |a LSP | ||
| AVA | |a UDN50 |b LSP |d 324.259707 NG-D |e available |t Error 5001 Not defined in file expand_doc_bib_avail. |f 1 |g 0 |h N |i 0 |k 1 | ||
| 999 | |a From the UDN01 | ||
| AVA | |a UDN50 |b LSP |d 324.259707 NG-D |e available |t Error 5001 Not defined in file expand_doc_bib_avail. |f 1 |g 0 |h N |i 0 |k 1 | ||
| TYP | |a Monograph | ||
| TYP | |a Printed language | ||
| 980 | |a Mạng thư viện Đại học Đà Nẵng | ||